Most Serie-A Goals Scored By Active Players - Statistics

General Stats
  • This quiz has been taken 32 times
  • The average score is 14 of 29
Answer Stats
Goals Club Player % Correct
201 Lazio Ciro Immobile
97%
128 Juventus Paulo Dybala
97%
109 Inter Milan Lautaro Martinez
83%
113 Napoli Dries Mertens
79%
84 Fiorentina Dusan Vlahovic
79%
81 Juventus Cristiano Ronaldo
72%
124 Atalanta Duvan Zapata
72%
121 Inter Milan Mauro Icardi
72%
122 Sassuolo Domenico Berardi
69%
114 Torino Andrea Belotti
66%
77 Inter Milan Romelu Lukaku
66%
65 Napoli Victor Osimhen
62%
107 Roma Edin Dzeko
59%
96 Napoli Lorenzo Insigne
59%
112 Napoli Edison Cavani
48%
103 Atalanta Luis Muriel
48%
66 Atalanta Papu Gomez
48%
96 Atalanta Josip Ilicic
38%
65 Cagliari Leonardo Pavoletti
28%
71 Roma Stephan El Shaarawy
28%
71 Cagliari Joao Pedro
24%
65 Napoli Jose Callejon
24%
85 Lazio Antonio Candreva
21%
73 Fiorentina Giovanni Simeone
14%
60 Chievo Verona Alberto Paloschi
10%
64 AC Milan Giacomo Bonaventura
10%
69 Sassuolo Francesco Caputo
7%
91 Bologna Mattia Destro
7%
69 Sampdoria Manolo Gabbiadini
3%
No matching quizzes found
Score Distribution
Percent of People with Each Score
Percentile by Number Answered
Your Score History
You have not taken this quiz